| 000 | 00693nam a2200217 a 4500 | ||
|---|---|---|---|
| 001 | 000016901 | ||
| 003 | OSt | ||
| 005 | 20201106092501.0 | ||
| 008 | 100312s1981 dr a r 001 0 spa d | ||
| 040 |
_aDO-SdBNP _bspa _cBNPHU |
||
| 082 |
_axxxx _bG887i |
||
| 100 | 1 |
_aGrullón U. , José J. _937388 |
|
| 245 | 1 | 0 |
_aIntroducción para la salud : _bintroducción a la tecnología educativa / _cJosé J. Grullón U. |
| 260 |
_aSanto Domingo : _bImpresos de calidad, _c1981. |
||
| 300 |
_a92 p. : _bil. ; _c21 cm. |
||
| 490 | 1 | _aEducación para la salud | |
| 500 | _aLa bilioteca posee el t. 2 | ||
| 504 | _aBibliografía : p. 87 | ||
| 830 | 0 |
_aEducación para la salud _937390 |
|
| 942 |
_2ddc _cLF1 |
||
| 999 |
_c16433 _d16433 |
||